| 000 | 00812cam a22002777a 4500 | ||
|---|---|---|---|
| 003 | CHAP | ||
| 005 | 20220329134330.0 | ||
| 008 | 971013s r 00010 d | ||
| 010 | _a18895 | ||
| 011 | _a19867 | ||
| 035 | _a23952 | ||
| 040 | _cCHAP | ||
| 090 | _aFolleto 6567 | ||
| 100 | 0 | 0 |
_aDíaz Bordenave, Juan E. _933385 |
| 245 | 0 | _aPecán; una nuez para el Paraguay | |
| 260 |
_a(s.l.) : _bMinisterio de Agricultura y Ganadería, _c(s.a.) |
||
| 300 | _as.p. | ||
| 590 |
_aBATCH-UPD _b10 _c20130110 _lUCH01 _h2113 |
||
| 590 |
_aBATCH-UPD _b10 _c20130410 _lUCH01 _h1424 |
||
| 590 |
_aBATCH-UPD _b10 _c20130914 _lUCH01 _h1619 |
||
| 590 |
_aCONVERSION _b10 _c20130109 _lUCH01 _h1311 |
||
| 650 | 1 | 4 |
_aPecán. _986484 |
| 901 | _aBK | ||
| 942 | _cFOLL | ||
| 949 |
_aFolleto 6567 _bBC _cFOLL _d-55461 _eTS1 _i23952 _mD _si |
||
| 999 |
_c18895 _d18895 |
||